000 00985cam a2200301 i 4500
001 17671377
005 20170105102840.0
008 130325s2013 pk b 001 0 eng
010 _a 2013344212
020 _a9789694025629
025 _aP-E-2013344212; 05; 29
040 _aDLC
_beng
_cDLC
_erda
042 _alcode
_apcc
043 _aa-pk---
050 0 0 _aHV6433.P18
_bJ385 2013
100 1 _aJavaid, Umbreen.
245 1 0 _aPakistan fights extremism and terrorism /
_cUmbreen Javaid.
300 _ax, 210 pages ;
_c23 cm
504 _aIncludes bibliographical references (pages 200-202) and index.
650 0 _aTerrorism
_zPakistan.
650 0 _aRadicalism
_zPakistan.
650 0 _aTerrorism
_xReligious aspects
_xIslam.
650 0 _aIslam and politics
_zPakistan.
650 0 _aWar on Terrorism, 2001-2009.
906 _a7
_bcbc
_corigode
_d3
_encip
_f20
_gy-gencatlg
942 _2ddc
_cBK
999 _c13823
_d13823